000 00627cam a22002173a 4500
001 39427
003 PGUSA
005 20140828083857.0
008 120411s2012||||xxu|||||s|||||000 | eng d
040 _aPGUSA
_beng
042 _adc
100 1 _aTurgenev, Ivan Sergeevich,
_d1818-1883
245 1 0 _aAnnouchka :
_bA Tale
_h[electronic resource] /
_cIvan Sergeevich Turgenev
260 _bProject Gutenberg,
_c2012
506 _aPublic domain in the USA.
516 _aElectronic text
700 1 _aAbbott, Franklin P.
830 0 _aProject Gutenberg
_v39427
856 4 0 _uhttp://www.gutenberg.org/ebooks/39427
942 _cEB
999 _c268680
_d268680